000 00347nam a2200133Ia 4500
005 20251222143142.0
008 251222s9999||||xx |||||||||||||| ||spa||
020 _a84-00-03712-X
082 _a372.6/G23
100 _aGarcia Hoz, Victor
245 0 _aEstudios Experimentales sobre El Vocabulario
264 _bSan José de Calasanz
942 _cLIB
999 _c12355
_d12355